Mémoires du Dr. Comanos Pacha : publiées à l'occasion de son jubilé de 40 ans d'exercice médical /

محفوظ في:

المؤلف الرئيسي: Comanos, Pacha.

التنسيق: كتاب

اللغة: French

منشور في: [Cairo : Printed by Imprimerie de la Société Orientale de Publicité, 1920].

الموضوعات:

الوسوم: إضافة وسم

لا توجد وسوم, كن أول من يضع وسما على هذه التسجيلة!

رقم الطلب: R654 .C65 A3

LEADER 00619nam a22001817a 4500
003 OSt
005 20251124100612.0
008 251124t1920 ua ac0 0 fre d f fre d
040 |c ARCE Library 
050 1 4 |a R654 .C65  |b A3 
100 1 |a Comanos, Pacha. 
245 1 0 |a Mémoires du Dr. Comanos Pacha :   |b publiées à l'occasion de son jubilé de 40 ans d'exercice médical /   |c Pacha Comanos. 
264 1 |a [Cairo :   |b Printed by Imprimerie de la Société Orientale de Publicité,   |c 1920]. 
300 |a 251 p. :   |b ill., port. ;   |c 20 cm. 
650 0 |a Physicians -- Egypt. 
901 |a reviewed 
942 |2 lcc  |c BK 
999 |c 49242  |d 49242